000 00635nam a2200229 a 4500
001 23937
003 BD-RjUL
005 20211209001004.0
008 140312s1950 enk 000 0beng d
035 _a(BD-RjUL)24002
040 _aBD-RjUL
_beng
_cBD-RjUL
_dBD-RjUL
041 _aeng
082 0 0 _a824.6
_bCOE 1950
100 1 _aCopeland, Thomas W.
_973708
245 1 0 _aEdmund Burke :
_bsix essays /
_cby Thomas W. Copeland
260 _aLondon :
_bCape,
_c1950
300 _aix, 251 p. ;
_c23 cm
500 _aIncludes index
600 1 0 _aBurke, Edmund,1729-1797.
_d1729-1797.
_973709
942 _2ddc
_cBK
999 _c23937
_d23937